000 00263nam a2200121Ia 4500
082 _a615.1
_bQ08G
100 _aGARRATT, D.C
245 _aTHE QUANTITATIVE ANALYSIS OF DRUGS
260 _bCBS- DELHI
300 _a925
650 _aPHARMACEUTICS
942 _2ddc
_cBK
999 _c7211
_d7211